000 01256cam a2200349 i 4500
005 20260322212002.0
008 data
010 _a 78014346
020 _a0517261820
020 _a9780517261828
040 _aDLC
_cDLC
_dDLC
042 _alcac
050 0 0 _aNC242.G7
_bA4 1978a
082 0 0 _a741.64/2/0924
092 _a741.9 Gre 1978
100 1 _aGreenaway, Kate,
_d1846-1901.
240 1 0 _aLanguage of flowers
245 1 0 _aKate Greenaway's Language of flowers.
_cKate Greenaway.
260 _aNew York :
_bGramercy Pub. Co.,
_c[1978]
300 _a62 p. :
_bcol. ill. ;
_c26 cm.
500 _aReprint of the 1884 ed. published by G. Routledge, London, omitting the section, "Poetry on flowers."
500 _a"This edition, originally published as Language of flowers, does not include the poems in the final section of the original editions."
520 _aContains alphabetical lists of flowers and the meanings associated with them.
600 1 0 _aGreenaway, Kate,
_d1846-1901.
650 0 _aFlower language.
650 0 _aFlowers in art.
650 1 _aFlower language.
740 _aLanguage of flowers.
906 _a7
_bcbc
_corignew
_d1
_eocip
_f19
_gy-gencatlg
991 _bc-GenColl
_hNC242.G7
_iA4 1978a
_tCopy 1
_wBOOKS
001 data
999 _c2
_d2